书目信息 |
| 题名: |
海客瀛洲说名著
|
|
| 作者: | 徐习军 , 陈婕 著 | |
| 分册: | ||
| 出版信息: | 北京 中国言实出版社 2024.12 |
|
| 页数: | 347页 | |
| 开本: | 23cm | |
| 丛书名: | ||
| 单 册: | ||
| 中图分类: | Z835 | |
| 科图分类: | ||
| 主题词: | 名著--ming zhu--介绍--中国 | |
| 电子资源: | ||
| ISBN: | 978-7-5171-4728-2 | |
| 000 | 01082nam0 2200277 450 | |
| 001 | 93890 | |
| 005 | 20250819174123.30 | |
| 010 | @a978-7-5171-4728-2@dCNY68.00 | |
| 099 | @aCAL 012025020257 | |
| 100 | @a20250311d2024 em y0chiy50 ea | |
| 101 | 0 | @achi |
| 102 | @aCN@b110000 | |
| 105 | @aab a 000yy | |
| 106 | @ar | |
| 200 | 1 | @a海客瀛洲说名著@Ahai ke ying zhou shuo ming zhu@f徐习军, 陈婕著 |
| 210 | @a北京@c中国言实出版社@d2024.12 | |
| 215 | @a347页@c图, 地图@d23cm | |
| 314 | @a徐习军, 连云港市政协文史研究员, 朐山书院首席学术委员, 江苏一带一路研究院副院长。陈婕, 女, 连云港报业传媒集团苍梧晚报编辑中心副主任, 媒体从业18年, 创作主持地方历史文化深度报道优秀栏目《搜城记》8年, 作品累计500余万字。 | |
| 320 | @a有书目 | |
| 330 | @a本书分为文化名著记海州、文学名著写海州、诗文名著颂海州三个部分。每个部分十八篇文章, 列举了十八部在我国乃至世界上有影响力的名著。 | |
| 606 | 0 | @a名著@Aming zhu@x介绍@y中国 |
| 690 | @aZ835@v5 | |
| 701 | 0 | @a徐习军@Axu xi jun@4著 |
| 701 | 0 | @a陈婕@Achen jie@4著 |
| 801 | 0 | @aCN@c20250909 |
| 905 | @a河南城建学院图书馆@dZ835@eX820@f1 | |
| 海客瀛洲说名著/徐习军, 陈婕著.-北京:中国言实出版社,2024.12 |
| 347页:图, 地图;23cm |
| ISBN 978-7-5171-4728-2:CNY68.00 |
| 本书分为文化名著记海州、文学名著写海州、诗文名著颂海州三个部分。每个部分十八篇文章, 列举了十八部在我国乃至世界上有影响力的名著。 |
| ● |
| 相关链接 |
|
|
|
正题名:海客瀛洲说名著
索取号:Z835/X820
 
预约/预借
| 序号 | 登录号 | 条形码 | 馆藏地/架位号 | 状态 | 备注 |
| 1 | 1627818 | 216278187 | 自科库501/501自科库 132排1列3层/ [索取号:Z835/X820] | 在馆 |